000 00648nam a22001937a 4500
005 20230920131033.0
010 _aENG-138199
020 _a9789392451874
_c275.00
035 _aEN-121731
037 _bDBAD/PUB
082 _a230.1
100 _aRamakrishna, G.
_957108
245 _aA Glimpse into the Bhagavadgeetha
_cBy G. Ramakrishna and Translated by B. R. Manjunath
260 _aBengaluru
_bNavakarnataka Publications Private Limited
_c2023
270 _aEmbassy Centre, Crescent Road,
_bBengaluru
_e560001
300 _a224 p.
_c22cm(pbk)
700 _aManjunath, B. R.
_eAuthor
_956915
942 _2ddc
_cEN
_h230.1
_mRAM
999 _c198455
_d198455